La Grenade pour les touristes... - Facile - Statistiques

Statistiques générales
  • Ce quiz a été pris 3 fois
  • Le résultat moyen est 8 sur 20
Statistiques - réponses
Question Indice Réponses Indice facile % Correct
Quelle est la langue officielle ? Anglais
100%
Achats à faire 3/ Fruit Grenade DERANGE
100%
Avez-vous besoin d'un visa ? (oui/non) Non
100%
Combien d'heures (environ) mettrez-vous pour vous y rendre ? (en chiffres) 10
67%
Dans la capitale quel est le décalage horaire avec Paris ? (+ ou - et chiffre) ex - 10 - 6
67%
Achats à faire 2/ Se porte sur les épaules Châle LACHE
67%
Autre langue parlée Français
67%
La conduite se fait à droite ou à gauche ? Gauche
67%
Le suffixe internet est gd
67%
Quel est le climat local ? T Tropical
67%
La religion majoritaire est Catholicisme C
33%
Le principal aéroport est S G Saint-Georges
33%
La vitesse est limitée hors des villes à {120} km/h
0%
Comment se nomme la principale compagnie aérienne locale B A British Airways BARRISSAITHIWY
0%
Quelles sont les principaux lieux touristiques ? A Chutes {Annandale} NANANADEL
0%
Quelle est la monnaie ? Dollar de la caraibe orientale $
0%
Quelles sont les principaux lieux touristiques ? S Ile {Sandy} NAYSD
0%
Achats à faire 1/ Voile Mantille MAILLENT
0%
Quelles sont les principaux lieux touristiques ? G A Plage de {Grand Anse} GRENANDAS
0%
Quelles sont les principaux lieux touristiques ? S-M Sculptures {sous-marines} REMUASSIONS
0%
Aucun quiz correspondant
Distribution des résultats
% des personnes avec chaque résultat
Percentile par nombre de réponses
Votre historique - résultats
Vous n’avez pas pris ce quiz